| 000 | 00450nam a2200145Ia 4500 | ||
|---|---|---|---|
| 008 | 230312s9999||||xx |||||||||||||| ||und|| | ||
| 020 | _a9781418020231 | ||
| 082 |
_a005.276 _bGRA-T |
||
| 100 | _aShneiderman | ||
| 245 | 0 | _aDesigning the user interface : strategies for effective human-computer-interaction | |
| 260 |
_bThomson _aCanada _c2007 |
||
| 300 | _a483 | ||
| 650 |
_aComputer _vElectronic data processing personnel Certification |
||
| 942 | _cBK | ||
| 999 |
_c17654 _d17654 |
||